Analýza finančnej pozície vybraného podniku potravinárskeho priemyslu v priestore bakalárska práca

Enregistré dans:
Détails bibliographiques
Auteur principal: Marenčáková, Erika
Format: Livre
Langue:slovaque
Publié: Bratislava STU FCHPT 2016
Accès en ligne:Voir à l'OPAC
Tags: Ajouter un tag
Pas de tags, Soyez le premier à ajouter un tag!

MARC

LEADER 00000nam a2200000 a 4500
005 20260127134346.0
008 161025 2016 000 0 slo d
035 |a vtls011588733 
039 9 |a 201610251238  |b mschk03  |y 201610251129  |z mschk03 
040 |a STUSCHK1  |b slo  |c STUSCHK1  |e AACR2 
100 1 |a Marenčáková, Erika 
245 1 |a Analýza finančnej pozície vybraného podniku potravinárskeho priemyslu v priestore  |b bakalárska práca  |c Erika Marenčáková 
260 |a Bratislava  |b STU FCHPT  |c 2016 
300 |a 64 s.  |b il.  |c 25 cm 
500 |a Študijný program: automatizácia, informatizácia a manažment v chémii a potravinárstve 
500 |a Študijný odbor: automatizácia, priemyselné inžinierstvo 
500 |a Školiace pracovisko: ÚM-Oddelenie manažmentu chemických a potravinárskych technológií 
500 |a Evid. číslo: FCHPT-5415-62608 
910 |a SCHK95 
999 |c 10749  |d 10749